| 000 | 00630nam a2200181Ia 4500 | ||
|---|---|---|---|
| 008 | 100921s9999 xx 000 0 und d | ||
| 082 |
_b31118 _a891.463 थ 99 |
||
| 100 | _aओक जनार्दन. | ||
| 245 | _aऑपरेशन झी. | ||
| 260 |
_bपार्टनर प्रकाशन, मुंबई. _c1999 |
||
| 300 |
_a191 _bशांती पब्लिकेशन,पुणे |
||
| 365 | _b120 | ||
| 520 | _aललित-कादंबरी. | ||
| 630 | _aऑपरेशन झी. | ||
| 650 | _aललित-कादंबरी. | ||
| 730 | _aऑपरेशन झी. | ||
| 942 | _cBOOK | ||
| 999 |
_c780231 _d780228 |
||